[Event "18th Caspian Cup-A 2020"]
[Site "Rasht"]
[Date "2020.02.18"]
[Round "7.1"]
[White "Iskandarov, Misratdin"]
[Black "Harutjunyan, Gevorg"]
[Result "1-0"]
[WhiteElo "2520"]
[BlackElo "2444"]
[Annotator "TA"]
[PlyCount "125"]
[EventDate "2020.02.14"]
[EventType "swiss"]
[EventCountry "IRI"]
[SourceTitle "playchess.com"]
[Source "ChessBase"]
[SourceQuality "1"]

{[%evp 9,125,27,31,21,23,17,18,0,0,0,0,0,8,0,0,0,0,-44,0,0,0,-8,15,0,11,8,46,35,58,44,57,55,53,31,67,60,77,11,60,51,61,9,48,54,54,-12,0,-32,7,-25,-27,-26,-38,-29,-66,-23,-6,-6,-6,-5,-6,-5,31,31,31,28,28,28,28,30,30,28,33,36,36,35,38,31,35,29,70,10,11,10,96,79,125,127,560,553,507,498,871,867,793,659,705,815,801,755,797,776,1904,1931,1951,2024,1549,1463,9898,2623,29979,29980,29984,29985,29985,29986,29986,29987]} 1. e4 c5 2. Nf3 e6 3. d4 cxd4 4. Nxd4 a6 5. Nc3 Qc7 6. Qg4 {B43: Sicilian: Kan Variation: 5 Nc3.} Nf6 7. Qg3 d6 8. Be2 {The position is equal.} b5 9. a3 Bb7 {[#]} 10. O-O $146 ({Predecessor:} 10. f3 Nbd7 11. Be3 Rc8 12. O-O h5 13. Rad1 h4 14. Qf2 Be7 15. Bg5 h3 16. g4 Ne5 17. Be3 Nfd7 18. g5 Nc4 19. g6 Bh4 20. gxf7+ Kxf7 {0-1 (20) Stachanczyk,J (2189)-Maksimenko,A (2481) Zgierz 2017}) 10... Nbd7 {[%cal Bb8d7,Bd7e5,Be5d3][%mdl 32]} 11. Re1 Rc8 12. Bd3 Ne5 13. Kh1 Be7 14. f4 Nxd3 15. cxd3 h5 16. Be3 ({Avoid the trap} 16. Qxg7 $2 Rg8 $19) 16... h4 17. Qh3 (17. Qxg7 $2 Rg8 $17) 17... Rh5 18. Rac1 Qb8 19. Nf3 Kf8 20. Bf2 a5 21. Ne2 b4 22. axb4 axb4 23. Ng5 (23. Bxh4 $16 Rxc1 24. Rxc1) 23... e5 24. Bxh4 Rh6 25. Rf1 (25. Nf3 $14) 25... b3 {next ...Rc2 is good for Black.} 26. fxe5 dxe5 27. Nc3 ({Better is} 27. Rxc8+ $14 Bxc8 28. Qg3) 27... Kg8 $11 28. Qg3 Rd8 (28... Nh5 $5 {[%cal Rh5g3]} 29. Qg4 Nf6 $11) 29. Nf3 Rxd3 30. Bxf6 $1 Rxf6 31. Rfd1 Rxd1+ 32. Rxd1 Rd6 {White should prevent ...Rxd1+.} 33. Nd5 $132 {[%mdl 2048] White puts up resistance} Bxd5 34. exd5 e4 35. Nd4 {aiming for Nf5!} Bf8 {Strongly threatening ...Qb7.} 36. Nf5 {And now Nh6+! would win.} Rd8 $1 37. Nh6+ Kh7 38. Nxf7 {White wants to mate with Qh4+!} Qxg3 39. hxg3 {[%mdl 4096] Endgame KRB-KRN} Rd7 40. Ng5+ Kg6 41. Nxe4 Kf5 42. Nc3 Bc5 {...g5 is the strong threat.} 43. Rf1+ Ke5 {Hoping for ...g5.} 44. Kh2 Bd4 {Threatens to win with ...Bxc3.} 45. Re1+ (45. Rf3 $14) 45... Kf6 46. Re6+ Kf7 (46... Kg5 $11 {remains equal.}) 47. Rc6 $16 Be5 48. Kh3 Rc7 $2 {[%mdl 8192]} (48... Rb7 $16 {is tougher.}) 49. Rxc7+ $1 $18 Bxc7 {KB-KN} 50. Kg4 Be5 {[#]} (50... Kg6 $142 51. Ne4 Be5) 51. Na4 $1 Ke7 52. Kf5 Kd6 {[#]} 53. Ke4 $1 Bxg3 54. Kd4 Bf2+ 55. Kc4 Ba7 56. Nc3 Ke5 57. Kxb3 Bb8 58. Kc4 Kf4 59. Kc5 Kg3 60. d6 {White mates.} Kxg2 61. Nb5 Bxd6+ 62. Nxd6 Kf3 63. Kd5 {Accuracy: White = 84%, Black = 58%.} 1-0

[Event "18th Caspian Cup-A 2020"]
[Site "Rasht"]
[Date "2020.02.18"]
[Round "7.2"]
[White "Omidi, Arya"]
[Black "Mosadeghpour, Masoud"]
[Result "1-0"]
[WhiteElo "2317"]
[BlackElo "2499"]
[Annotator "TA"]
[PlyCount "41"]
[EventDate "2020.02.14"]
[EventType "swiss"]
[EventCountry "IRI"]
[SourceTitle "playchess.com"]
[Source "ChessBase"]
[SourceQuality "1"]

{[%evp 14,41,28,-9,9,10,36,26,61,66,51,40,90,27,33,46,76,7,0,12,0,0,0,0,67,99,216,238,249,222]} 1. Nf3 Nf6 2. g3 g6 3. c4 Bg7 4. Bg2 O-O 5. O-O d5 6. cxd5 Nxd5 7. Nc3 c5 8. Qa4 Nc6 {A34: Symmetrical English: 2 Nc3, lines with ...d5.} 9. Qc4 Ndb4 10. Qxc5 Be6 {[#] White has an edge.} 11. Qb5 $146 ({Predecessor:} 11. d3 h6 12. Qb5 Nc2 13. Rb1 a6 14. Qxb7 N2b4 15. Nd2 Rb8 16. Bxc6 Rxb7 17. Bxb7 {½-½ (42) Djurhuus,R (2400)-Rytshagov,M (2435) Gausdal 1991}) 11... Nc2 12. Rb1 a6 13. Qg5 ({Worse is} 13. Qxb7 N2b4 $15) (13. Qa4 $1 $16 {[%cal Ra4c2]} N6b4 14. Ng5) 13... b5 14. Qh4 $36 {[%mdl 2048] aiming for Ng5! White has some pressure.} Bf6 {[#]} 15. Ng5 (15. Qe4 $1 $16 {[%cal Re4c2]} N2b4 16. d3) 15... Bxg5 $1 $11 16. Qxg5 Rc8 17. a3 N6d4 18. e3 f6 ({Black should try} 18... Nb3 $11) 19. Qh4 $14 g5 {[#]} (19... Nf5 $16 {might work better.} 20. Qg4 b4) 20. Qh5 $1 $18 Bf7 21. Qd1 {Accuracy: White = 76%, Black = 56%.} 1-0

[Event "18th Caspian Cup-A 2020"]
[Site "Rasht"]
[Date "2020.02.18"]
[Round "7.3"]
[White "Babujian, Levon"]
[Black "Ghukasyan, Siranush"]
[Result "1/2-1/2"]
[WhiteElo "2487"]
[BlackElo "2195"]
[Annotator "TA"]
[PlyCount "141"]
[EventDate "2020.02.14"]
[EventType "swiss"]
[EventCountry "IRI"]
[SourceTitle "playchess.com"]
[Source "ChessBase"]
[SourceQuality "1"]

{[%evp 9,140,-27,-23,-21,0,-11,18,18,18,17,17,15,15,12,20,20,22,0,10,4,4,4,3,0,10,0,0,-16,0,-12,0,0,0,0,25,25,24,32,35,14,32,6,20,0,39,32,16,0,91,54,54,54,68,42,42,42,43,42,45,37,44,25,33,21,28,14,17,0,6,8,8,6,11,0,0,0,0,0,0,0,0,0,0,0,0,0,0,0,0,0,0,0,0,0,0,0,0,0,0,0,0,0,0,0,0,0,0,0,0,0,0,0,0,0,0,0,0,0,0,0,0,0,0,0,0,0,0,0,0,0,0,0,0]} 1. e4 e5 2. Bc4 Nf6 3. Nc3 Bc5 4. d3 O-O 5. Bg5 h6 6. Bh4 {C27: Vienna Game: 2...Nf6 3 Bc4 Nxe4.} d6 7. Na4 Bb6 (7... Bb4+ {is more complex.} 8. c3 d5 9. exd5 Bd6 10. b4 Re8) 8. Nxb6 axb6 9. Ne2 Be6 {[#]} 10. Bxe6 $146 ({Predecessor:} 10. f3 Qe7 11. O-O Nbd7 12. a4 c6 13. b3 Rfc8 14. Bxe6 Qxe6 15. Qd2 d5 16. Ng3 {½-½ (23) Preziuso,T (2306)-Steiger,W (2265) ICCF email 2008}) 10... fxe6 11. O-O Qe8 12. f3 Nc6 13. d4 exd4 14. Nxd4 Nxd4 15. Qxd4 e5 16. Qc4+ (16. Qc3 {keeps more tension.} Qc6 17. Qb3+ Kh7 18. Bxf6 Rxf6 19. a3) 16... Qf7 17. Qxf7+ Kxf7 18. a4 Ke6 19. Bf2 Nd7 20. Be3 Nc5 21. b3 Ke7 22. h4 Ne6 23. Kf2 Nf4 24. g3 Ne6 25. h5 Ra5 26. Rad1 Rfa8 27. Bd2 R5a6 28. Ke3 Rf8 (28... Nd4 $11 {keeps the balance.}) 29. f4 Nd4 30. Kd3 Raa8 31. f5 b5 32. axb5 Nxb5 33. g4 Nd4 34. g5 hxg5 35. Bxg5+ Kf7 36. Be3 Nc6 37. Rg1 Rh8 {The position is equal.} 38. Rg5 Rh7 39. Rdg1 Ne7 40. Rg6 Ng8 41. b4 b5 42. Rh1 Nf6 43. h6 $1 gxh6 44. Rhxh6 Rxh6 45. Bxh6 {[#] Hoping for Rg7+.} ({Reject} 45. Rxh6 Rg8 $17) 45... Rg8 46. Rxg8 Kxg8 $11 {[%mdl 4096] Endgame KB-KN} 47. Bg5 Kf7 48. Ke3 Kg7 49. Kf3 c6 50. Bh4 Kf7 51. Ke3 Kg7 52. c4 Kf7 53. cxb5 (53. Bxf6 {seems wilder.} Kxf6 54. c5 dxc5 55. bxc5 Kf7 56. Kd2) 53... cxb5 54. Kf3 {[#] Strongly threatening Bxf6.} d5 55. Bxf6 Kxf6 56. exd5 {Ke4 would kill now.} Kxf5 {KPP-KPP} 57. Ke3 e4 58. Kd4 e3 $1 {[%cal Re3e2]} 59. Kxe3 {Intending Kd4 and mate. KPP-KP} Ke5 60. d6 Kxd6 {KP-KP} 61. Kd4 Kd7 62. Kd5 Kc8 63. Kc6 Kb8 64. Kb6 Kc8 65. Kxb5 {KP-K} Kb7 66. Kc5 {Threatening mate with Kb5.} Kc7 67. b5 {[%cal Bb4b5,Bb5b6,Bb6b7][%mdl 32]} Kb7 68. b6 Kb8 69. Kc6 {White threatens b7 and mate.} Kc8 70. b7+ Kb8 71. Kb6 {Accuracy: White = 95%, Black = 93%.} 1/2-1/2

[Event "18th Caspian Cup-A 2020"]
[Site "Rasht"]
[Date "2020.02.18"]
[Round "7.4"]
[White "Rasulov, Vugar"]
[Black "Daneshvar, Bardiya"]
[Result "1/2-1/2"]
[WhiteElo "2476"]
[BlackElo "2327"]
[Annotator "TA"]
[PlyCount "105"]
[EventDate "2020.02.14"]
[EventType "swiss"]
[EventCountry "IRI"]
[SourceTitle "playchess.com"]
[Source "ChessBase"]
[SourceQuality "1"]

{[%evp 10,105,26,22,31,21,30,16,19,12,11,13,14,0,0,0,10,0,-5,0,0,-27,23,22,25,27,31,-8,0,0,0,0,0,0,0,0,0,0,0,0,46,-3,-2,-16,-36,-31,0,0,0,-38,0,0,0,0,0,-25,-5,-60,-36,-100,-70,-52,-37,-31,0,0,0,0,0,0,0,-10,-22,-14,0,0,0,0,0,0,0,-14,-37,-35,-38,-33,0,0,0,0,0,0,0,0,0,0,0,0]} 1. e4 c6 2. Nf3 d5 3. Nc3 dxe4 4. Nxe4 Nf6 5. Qe2 Nxe4 6. Qxe4 Qa5 {B11: Caro-Kann: Two Knights Variation.} 7. c3 Bf5 8. Qf4 e6 {[#]} 9. Be2 $146 ({Predecessor:} 9. Nh4 Bg6 10. d4 Nd7 11. Nxg6 hxg6 12. Bd3 e5 13. dxe5 Nxe5 14. Be2 O-O-O 15. O-O {1-0 (66) Vachier Lagrave,M (2778)-Karjakin,S (2750) Saint Louis 2019}) 9... Nd7 10. O-O h6 11. b4 Qd8 12. b5 c5 13. Qe3 Bd6 14. c4 Qf6 15. Qb3 Qxa1 16. Bb2 Qxf1+ $1 ({Don't blunder} 16... Bc2 $2 17. Qxc2 (17. Bxa1 $2 {too greedy.} Bxb3 18. axb3 O-O $19) 17... Qxa2 18. Ra1 $18) 17. Kxf1 O-O $1 18. h3 (18. Bd3 $5 {[%cal Rd3f5]} Rfe8 19. Qc2 $11) 18... Be7 19. Bd3 Bxd3+ 20. Qxd3 Rfd8 21. Qe4 b6 22. Qb7 Bf6 23. Bxf6 gxf6 24. Ke2 Nf8 25. Nh2 {[%mdl 1024] White has compensation.} (25. d4 $5) 25... Ng6 26. Ng4 Kg7 $1 27. g3 f5 28. Ne3 Rdb8 29. Qa6 Rd8 30. Qb7 $1 Rdb8 31. Qc6 Rc8 32. Qh1 (32. Qb7 {is more complex.} h5 33. h4 Rcb8 34. Qc7 Rd8 35. Qb7) 32... Rab8 33. Qa1+ (33. h4 $1 $11) 33... f6 $15 34. Nc2 (34. a4 $15) 34... Ne5 35. Qc3 Rb7 36. f4 Nf7 37. g4 fxg4 38. Qg3 Rd7 39. Qxg4+ Kf8 40. Ne3 f5 41. Qg6 Ke7 42. Nc2 Rd6 (42... Rcd8 $5 43. d4 $8 Kf8 $11) 43. Qg7 Rdd8 (43... Rcd8 $5 44. d4 $8 Rxd4 45. Nxd4 Rxd4 $11 {[%mdl 64] Double Attack}) 44. Qg2 Rd7 45. Qg3 Rcd8 46. d4 $1 Kf6 {And now ...Nd6 would win.} 47. h4 $1 cxd4 {[#] White must now prevent ...d3+.} 48. Nb4 {The position is equal.} d3+ 49. Kd1 Nd6 {Threatens to win with ...Ne4.} 50. h5 Ne4 51. Qg6+ {[%mdl 64] [#] Double Attack} Ke7 {aiming for ...Kd6.} 52. Qg7+ Kd6 53. Qe5+ {Accuracy: White = 82%, Black = 83%.} 1/2-1/2

[Event "18th Caspian Cup-A 2020"]
[Site "Rasht"]
[Date "2020.02.18"]
[Round "7.5"]
[White "Khademi, Mohammad Miran"]
[Black "Mirzoev, Azer"]
[Result "1/2-1/2"]
[WhiteElo "2301"]
[BlackElo "2439"]
[Annotator "TA"]
[PlyCount "188"]
[EventDate "2020.02.14"]
[EventType "swiss"]
[EventCountry "IRI"]
[SourceTitle "playchess.com"]
[Source "ChessBase"]
[SourceQuality "1"]

{[%evp 9,188,-31,22,14,12,5,13,-2,9,0,25,12,4,10,36,0,63,67,78,62,59,18,12,0,0,0,7,0,16,0,36,-92,20,-14,-16,-18,-31,-33,0,0,0,0,7,6,5,0,0,-30,-20,-50,-42,-76,-70,-85,-44,-45,-58,-56,-37,-43,-14,-14,-14,-16,0,-24,0,0,0,-12,0,-16,0,0,0,-29,-35,-35,0,0,0,0,0,0,0,0,0,0,0,0,0,0,0,0,0,0,0,0,0,0,0,0,0,0,0,0,0,0,0,0,0,0,0,0,0,0,0,0,0,0,0,0,0,0,12847,0,0,0,6,0,0,0,0,0,0,0,0,0,0,0,6,6,8,13,95,13,20,28,79,28,28,28,34,41,56,0,12,0,0,0,0,0,0,0,0,0,0,0,0,0,0,0,0,0,0,0,0,0,0,0,0]} 1. e4 e5 2. d4 exd4 3. Qxd4 Nc6 4. Qc4 Nf6 5. Nc3 d6 ({Better is} 5... Bb4 $15) 6. Bf4 $11 {[#] C22: Centre Game.} Be6 $146 ({Predecessor:} 6... Be7 7. Rd1 O-O 8. e5 Be6 9. Qe2 Ne8 10. Nh3 Qc8 11. Qd3 dxe5 12. Bg5 Bxg5 13. Nxg5 {½-½ (52) Verstraeten,J (1848)-Depoorter,A Fleurus 2008}) 7. Qb5 Rb8 8. O-O-O a6 9. Qe2 Nd7 10. Nf3 Be7 11. h4 Bg4 12. Nd5 Nde5 (12... O-O $11) 13. Ne3 Qc8 14. Nxg4 Qxg4 15. Qe3 O-O 16. h5 h6 17. Kb1 Rfe8 18. Be2 Qe6 19. Nh4 Nc4 20. Qg3 {[#]} (20. Bxc4 $1 $14 {was forced to keep a grip.} Qxc4 21. f3) 20... Kh8 (20... Nxb2 $1 $17 {[%mdl 512]} 21. Kxb2 Nb4) 21. Bg4 Bxh4 22. Qxh4 Qxe4 {[%mdl 64] Double Attack} 23. Bf3 Qe7 (23... Qf5 {keeps more tension.} 24. Bc1 Nb6 25. Be3 Rbd8 26. Rhe1 Kg8) 24. Bxh6 Qxh4 25. Rxh4 Na3+ 26. bxa3 {[#] Bd2 is the strong threat.} gxh6 27. Bd5 Re7 28. Rf4 (28. Bxc6 $5 bxc6+ 29. Kc1 $11) 28... Ne5 29. Re4 c6 30. Bxf7 Rxf7 31. Rxd6 Nd7 32. Rxh6+ Kg7 33. Rg6+ Kh7 34. g4 $1 Nf8 35. Rd6 Rxf2 36. g5 Rg2 37. Re5 Kg8 38. g6 Rh2 39. Kc1 Rc8 40. a4 c5 41. a5 c4 {Strongly threatening ...c3.} 42. Kb2 c3+ 43. Kb3 Rc7 (43... Rd2 $5 {[%cal Rd2d6]} 44. Rdd5 Nd7 $17) 44. Rd8 Kg7 45. Ree8 Rxh5 46. Rxf8 {[%mdl 4096] Endgame KRR-KRR} Rb5+ 47. Ka4 Rc4+ 48. Ka3 Kxg6 49. Rc8 Rxa5+ 50. Kb3 Rca4 51. Rf2 Ra3+ 52. Kc4 Rxa2 53. Rg8+ Kh7 54. Rg1 R2a4+ 55. Kxc3 Rc5+ 56. Kb3 {White wants to mate with Rh2+.} Rh4 57. Rf7+ Kh6 58. Rxb7 a5 59. Rg2 (59. c3 {feels hotter.} Rh3 60. Rc1 Kg6 61. Ka4 Rhxc3 62. Rxc3) 59... Rh3+ 60. Kb2 Rhh5 61. Rb6+ Kh7 62. Ka3 Rh1 63. Rb7+ Kh6 64. Rg8 Rc1 65. Rb3 Kh7 66. Rg4 {Intending Rh3+ and mate.} Ra1+ 67. Kb2 {Threatening mate with Rh3+.} Rh1 68. c4 Rf5 69. Rb7+ Kh6 70. Rg2 Rc5 71. Rg8 {aiming for Rh8+.} Re1 72. Rb3 Kh7 $1 {[%cal Rh7g8]} 73. Rg4 {White threatens Rh3+ and mate.} Rh5 {Threatens to win with ...Rh2+.} 74. Rg2 Re4 75. Rc3 Ree5 76. Rcg3 Rh4 (76... Re7 $11) 77. Rg4 (77. Kb3 $16) 77... Rh3 78. R2g3 Rh1 (78... Rhh5 $1 $11 {keeps the balance.}) 79. Kc3 ({White should try} 79. Rg5 $16 Rxg5 80. Rxg5) 79... Rhh5 80. Rg7+ Kh8 81. Kd4 Ref5 82. Re7 (82. Rg8+ $14 Kh7 83. R8g7+ Kh8 84. R7g4) 82... a4 {[%cal Ba5a4,Ba4a3,Ba3a2][%mdl 32] The position is equal.} 83. Ra7 Ra5 $1 {[%cal Ra5a7]} 84. Rxa5 (84. Rag7 {with more complications.} Ra8 85. R7g5 Rxg5 86. Rxg5) 84... Rxa5 {KR-KR} 85. c5 a3 {Hoping for ...a2.} 86. Rg1 a2 87. Ra1 Kg7 88. c6 {And now c7 would win.} Ra8 89. Kc5 {Black must now prevent c7.} Ra3 90. c7 Rc3+ 91. Kd6 Rd3+ 92. Ke7 Re3+ 93. Kd8 Rd3+ 94. Kc8 Ra3 {Accuracy: White = 84%, Black = 82%.} 1/2-1/2

[Event "18th Caspian Cup-A 2020"]
[Site "Rasht"]
[Date "2020.02.18"]
[Round "7.6"]
[White "Khoshkalam, Seyed Mehrab"]
[Black "Quparadze, Giga"]
[Result "0-1"]
[WhiteElo "2280"]
[BlackElo "2462"]
[Annotator "TA"]
[PlyCount "100"]
[EventDate "2020.02.14"]
[EventType "swiss"]
[EventCountry "IRI"]
[SourceTitle "playchess.com"]
[Source "ChessBase"]
[SourceQuality "1"]

{[%evp 16,156,30,16,22,11,25,24,22,14,12,5,17,3,4,-16,14,0,0,0,9,-22,-22,-43,-43,-57,-36,-45,16,4,55,41,47,56,43,43,41,62,148,106,120,33,33,35,39,36,47,40,147,58,57,0,38,-14,0,-6,0,-8,-7,-22,-31,-143,-145,-147,-142,-134,0,0,0,0,0,0,127,129,112,0,0,0,10,0,0,0,0,0,0,0,0,0,0,0,0,-1,0,0,0,0,0,0,0,0,0,0,0,-8,-8,-8,-8,-8,-15,-68,-68,-73,-72,-112,-79,-310,-68,-69,-69,-69,-67,-79,-79,-79,-79,-79,-79,-29962,-29965,-29963,-29968,-29963,-1075,-29966,-29967,-29963,-29958,-29948,-29953,-5126,-4926,-4926,-4926]} 1. Nf3 Nf6 2. g3 b6 3. Bg2 Bb7 4. c4 g6 5. b3 Bg7 6. Bb2 O-O 7. O-O d6 8. d4 e6 9. Nc3 Ne4 {A15: English Opening: 1...Nf6.} 10. Qc2 Nxc3 11. Bxc3 f5 {[#] White has an edge.} 12. Nd2 $146 ({Predecessor:} 12. Ne1 Bxg2 13. Nxg2 c5 14. Nf4 Qe7 15. d5 Bxc3 16. Qxc3 e5 17. Ne6 Rc8 18. f4 {1-0 (35) Dzagnidze,N (2509)-Naiditsch,Y (2375) Porto Carras 2018}) 12... Bxg2 13. Kxg2 Nd7 14. Rad1 a5 15. a3 g5 16. e4 f4 17. g4 Qf6 18. f3 Qg6 19. b4 axb4 20. axb4 h5 21. h3 Nf6 (21... Qh7 $15) 22. Qb3 $11 b5 (22... Nd7 $11) 23. cxb5 $14 d5 24. e5 Nd7 25. Qb1 Qxb1 26. Rxb1 Rab8 (26... hxg4 $14 27. fxg4 (27. hxg4 Ra2 $11) 27... Ra3) 27. Ra1 Rxb5 28. Ra7 (28. gxh5 $16 Rfb8 29. Nb3) 28... Rc8 $1 29. gxh5 Bf8 30. h4 gxh4 31. Kh3 Be7 (31... Kh7 $14) 32. Rg1+ ({Better is} 32. Nb3 $16) 32... Kh7 33. Rg6 (33. Ra4 $14) 33... Rb6 (33... Nf8 $5 {[%cal Rf8g6]} 34. Rg4 Kh6 $11) 34. b5 (34. Nb3 $14) 34... Nf8 $11 35. Rg4 $132 {[%mdl 2048] White is not keeping still} Kh6 36. Rxf4 Nh7 37. Rg4 Ng5+ 38. Kg2 (38. Kh2 $1 $15) 38... Kxh5 $17 39. Ra1 {intending Rh1.} Rxb5 40. Rh1 Nf7 (40... h3+ $17 41. Kg3 c5) 41. Nf1 $1 $11 ({Avoid the trap} 41. Rg7 $2 Rf8 $19) 41... Bg5 42. Ng3+ $1 Kg6 $1 43. Rhxh4 Rb3 ({Much worse is} 43... Nh6 $6 44. f4 $16) (43... Ra8 $11 44. f4 {[%mdl 64] Pin} Ra2+ 45. Kf3 Rb3) 44. Ne2 $1 $16 {Black must now prevent Bd2.} Ra8 {[#]} 45. f4 (45. Nf4+ $1 $16 Kf5 46. Rh7) 45... Ra2 $11 46. Kf3 {[#]} c5 $1 {[%mdl 512]} 47. fxg5 (47. dxc5 d4) 47... cxd4 48. Rxd4 Nxe5+ 49. Ke3 Kxg5 50. Rh8 (50. Rh3 {looks sharper.} Ng4+ 51. Kf3 Ne5+ 52. Kf2 Ng4+ 53. Kf3) 50... Ng4+ {Played: Ra2xe2} 0-1

[Event "18th Caspian Cup-A 2020"]
[Site "Rasht"]
[Date "2020.02.18"]
[Round "7.7"]
[White "Pourramezanali, Amirreza"]
[Black "Yeritsyan, Hayk"]
[Result "1-0"]
[WhiteElo "2497"]
[BlackElo "2291"]
[Annotator "TA"]
[PlyCount "92"]
[EventDate "2020.02.14"]
[EventType "swiss"]
[EventCountry "IRI"]
[SourceTitle "playchess.com"]
[Source "ChessBase"]
[SourceQuality "1"]

{[%evp 12,92,29,14,17,0,0,0,7,7,16,-10,-21,-12,0,0,0,0,64,30,14,7,14,22,22,13,20,10,33,2,12,0,8,17,20,0,0,0,156,156,147,131,132,122,173,158,185,173,240,223,240,217,210,173,176,185,270,292,292,290,374,363,460,429,352,304,530,454,609,595,587,587,587,585,817,765,645,612,1138,1094,852,841,762]} 1. d4 Nf6 2. Nf3 d5 3. c4 e6 4. g3 Be7 5. Bg2 O-O 6. O-O dxc4 7. Qc2 b6 {E05: Open Catalan: 5 Nf3 Be7.} 8. Nbd2 Bb7 9. Nxc4 c5 {The position is equal.} 10. dxc5 Bxc5 11. Bg5 {And now Bxf6 would win.} Nbd7 12. Rfd1 {[#] Threatens to win with Bxf6.} Qc8 13. Rac1 Be4 14. Qd2 {[#]} Bd5 $146 ({Black should try} 14... Qb7 $1 $11) ({Predecessor:} 14... Qa6 15. b3 Bd5 16. Be3 Rfd8 {½-½ (16) Nielsen,P (2564)-Grischuk,A (2581) New York 2000}) 15. Ne3 {[%cal Re3d5]} Bxe3 16. Qxe3 Qb7 17. Qa3 Rac8 18. Bf1 a5 19. Nd4 Rxc1 20. Rxc1 Rc8 21. f3 Rxc1 22. Bxc1 Qc7 23. b3 e5 24. Nf5 Qc5+ $2 (24... Be6 $11 25. Ne3 Nb8) 25. Qxc5 $16 Nxc5 26. e4 Be6 27. Nd6 Nfd7 (27... Kf8 $16) 28. Be3 Kf8 29. Nc8 f5 (29... Nb7 $142 30. Kf2 (30. Nxb6 f6 $18) 30... b5 31. Bxb5 Ndc5) 30. exf5 $18 Bxf5 {[#]} 31. Nxb6 $1 {[%mdl 512]} Bb1 (31... Nxb6 32. Bxc5+) 32. a3 {Strongly threatening b4.} Ke7 33. Bb5 {b4 is the strong threat.} Ke6 (33... Bf5 {is a better defense.} 34. Nxd7 Nxd7) 34. Nxd7 Nxd7 {[%mdl 4096] Endgame KBB-KBN} 35. Bd2 Ba2 36. Bc4+ Kf6 37. Bxa5 Nc5 38. Bc3 Kf5 $2 (38... Na4) 39. Kf2 {White is clearly winning.} Bxb3 40. g4+ Kf6 41. Bxb3 Nxb3 {KB-KN} 42. f4 g5 43. Bxe5+ Ke6 44. Ke3 Na5 45. Ke4 gxf4 46. Bxf4 Nb7 {Accuracy: White = 90%, Black = 55%.} 1-0

[Event "18th Caspian Cup-A 2020"]
[Site "Rasht"]
[Date "2020.02.18"]
[Round "7.8"]
[White "Ghesmati, Aryan"]
[Black "Tahbaz, Arash"]
[Result "0-1"]
[WhiteElo "2056"]
[BlackElo "2461"]
[Annotator "TA"]
[PlyCount "128"]
[EventDate "2020.02.14"]
[EventType "swiss"]
[EventCountry "IRI"]
[SourceTitle "playchess.com"]
[Source "ChessBase"]
[SourceQuality "1"]

{[%evp 10,128,68,25,40,34,49,41,37,25,49,46,56,71,58,40,62,68,98,107,129,41,58,27,35,33,31,23,44,-43,19,-50,-58,-75,-45,-49,-39,-89,-81,-167,-154,-129,-72,-71,-66,-74,-72,-78,-80,-180,-49,-49,-49,-49,-43,-42,0,-19,0,-161,-161,-161,-161,-161,-161,-148,-118,-161,-161,-161,-118,-161,-161,-161,-161,-161,-161,-162,-127,-615,-622,-535,-528,-615,-593,-29953,-29954,-29939,-29947,-29953,-29957,-29956,-1757,-29962,-29964,-29969,-29957,-29968,-29969,-29968,-29969,-29969,-29969,-29970,-29970,-29971,-29972,-29974,-29974,-29974,-29976,-29976,-29977,-29977,-29978,-29978,-29978,-29979,-29980,-29978,-29978]} 1. e4 g6 2. d4 Bg7 3. Nc3 d6 4. Be3 Nd7 5. Qd2 a6 6. a4 Ngf6 {B06: Modern Defence.} 7. f3 O-O 8. Nge2 c5 {White is slightly better.} 9. g4 cxd4 10. Nxd4 Ne5 11. Be2 Bd7 12. h4 {[#]} Rc8 $146 ({Predecessor:} 12... h5 13. gxh5 Nxh5 14. Rg1 Rc8 15. Bh6 Bh8 16. Bxf8 Kxf8 17. Nf5 Bxf5 18. exf5 Qb6 {½-½ (34) Lintchevski,D (2449)-Pankov,G (2321) St Petersburg 2007}) 13. h5 Nc4 14. Bxc4 $1 Rxc4 15. Nde2 (15. O-O-O $16) 15... Qa5 $14 16. h6 Bh8 17. g5 Nh5 18. Nd5 {[%cal Rd5e7]} Qd8 19. c3 (19. a5 $14) 19... Be6 (19... Rxa4 $15 20. Rd1 Rc4) 20. Ndf4 (20. Nb6 $11) 20... Nxf4 $15 21. Nxf4 Qd7 22. Nxe6 fxe6 23. Qd1 d5 24. O-O (24. Qe2 $17) 24... Qc7 $1 $19 {[%cal Rc7g3] Threatens to win with ...Qg3+.} 25. Kg2 dxe4 (25... Be5 $142 26. Qe2 (26. exd5 $2 Rf5 $19) 26... Bf4 27. exd5 Rf5 $1 {[%mdl 512]}) 26. fxe4 $17 {And now Rxf8+ would win.} Rxf1 27. Qxf1 Rxe4 28. Qf3 Rh4 {aiming for ...Rh2+.} 29. Rd1 (29. Rh1 $17 {was worth a try.} Rxh1 30. Kxh1) 29... Be5 ({And not} 29... Rxa4 30. Rf1 $11) ({Black should play} 29... Rh2+ $19 30. Kg1 Rxb2) 30. Rf1 $15 {[%csl Gf1][%cal Rf3f8]} Qc6 31. Qxc6 bxc6 {[%mdl 4096] Endgame KRB-KRB} 32. Rd1 Rxa4 33. Rd8+ Kf7 34. Bd4 $2 (34. Kf3 $11 {and White stays safe.}) 34... Bxd4 $19 35. cxd4 {KR-KR} Ra5 36. Rh8 Rxg5+ 37. Kf3 e5 38. dxe5 Rxe5 39. Rxh7+ Ke6 40. Rg7 Kf6 41. Rg8 Rh5 42. Rc8 Rxh6 43. Rxc6+ Kf5 44. Rxa6 $2 {[%mdl 8192]} (44. Kg3 $17) 44... Rh3+ 45. Kg2 {[#]} Rb3 $1 46. Ra5+ e5 47. Ra8 Rxb2+ 48. Kf3 Rb3+ (48... g5 49. Rf8+ Ke6 50. Re8+ Kf6 51. Rf8+ Kg6 52. Rg8+ Kh6 53. Re8 $17) 49. Ke2 g5 50. Ra4 g4 51. Ra8 Kf4 {Black mates.} 52. Rf8+ Ke4 53. Rg8 Rb2+ 54. Kf1 Kf3 {[%cal Rb2b1]} 55. Rf8+ Kg3 56. Re8 Rb1+ 57. Ke2 Kg2 58. Rxe5 g3 59. Rg5 Rb8 60. Ke3 Re8+ 61. Kd2 Kf2 62. Rf5+ Kg1 63. Rh5 g2 64. Rh7 Re5 {Accuracy: White = 61%, Black = 84%.} 0-1